A családpolitika történeti és jogi háttere Szlovákiába

Pokles ochoty mať deti je v súčasnosti badateľný takmer vo všetkých vyspelých krajinách, vrátane Maďarska. Naša práca analyzuje právny systém susednej krajiny, ale – vzhľadom na náš predchádzajúci výskum – sa zaväzuje poskytnúť porovnanie a akoby nepriame hodnotenie maďarského systému podpory rodiny...

Description complète

Enregistré dans:
Détails bibliographiques
Auteur principal: Lentner, Csaba
Autres auteurs: Horbulák, Zsolt, 1972-
Format: Chapitre de livre
Langue:hongrois
Sujets:
Tags: Ajouter un tag
Pas de tags, Soyez le premier à ajouter un tag!

MARC

LEADER 00000naa a2200000 4500
001 0298018
005 20240502084005.3
041 0 |a hun 
044 |a HU 
245 1 0 |a A családpolitika történeti és jogi háttere Szlovákiába  |c Csaba Lentner, Zsolt Horbulák 
520 |a Pokles ochoty mať deti je v súčasnosti badateľný takmer vo všetkých vyspelých krajinách, vrátane Maďarska. Naša práca analyzuje právny systém susednej krajiny, ale – vzhľadom na náš predchádzajúci výskum – sa zaväzuje poskytnúť porovnanie a akoby nepriame hodnotenie maďarského systému podpory rodiny pred transformáciou v roku 20231. Prezentáciou právneho zázemia slovenského systému podpory rodiny a výchovy detí – v porovnaní s naším predchádzajúcim výskumom – sme dospeli k záveru, že pôrod je v zásade emocionálnou záležitosťou, až sekundárne je vecou materiálno-právneho regulačného zázemia, aj keď podpora rodiny rozsiahle štátne finančné nástroje a presné normy právnej ochrany v oboch krajinách. Štátne dotácie teda môžu pomôcť, ale nemôžu prevziať rozhodnutie rodičov mať deti na základe ich individuálneho rozhodnutia. Rovnako slovenská právna úprava exponovaná v článku nevykazuje výrazné rozdiely od maďarskej, takže ochrana a úprava právnym rámcom nie je prvoradá pri rozhodovaní rodičov mať deti, aj keď môže pomôcť pri narodení dieťaťa. a životné šance nastupujúcej generácie. ​ 
610 2 0 |a politika rodinná 
610 2 0 |a dotácie štátne 
610 2 0 |a Slovensko 
100 1 |a Lentner, Csaba 
700 1 |a Horbulák, Zsolt, 1972-